| 000 | 00423nam a2200157 4500 | ||
|---|---|---|---|
| 001 | 108642 | ||
| 003 | ES-MaACL | ||
| 005 | 20230906184658.0 | ||
| 007 | t| | ||
| 008 | 061121s1970 sp r ||||1| spa d | ||
| 100 | 1 |
_aMonroy, Juan Antonio. _982282 |
|
| 245 | 1 | 0 |
_aHombres de fuego / _cJuan Antonio Monroy. |
| 260 |
_aMadrid : _bIrmayol, _c1970. |
||
| 300 |
_aIX, 146 p. ; _c19 cm. |
||
| 852 |
_aES-MaACL _jC-47060 _bR.74714 |
||
| 999 |
_c108642 _d108642 |
||